| 000 | 00722nam a22002177a 4500 | ||
|---|---|---|---|
| 003 | BPGM | ||
| 008 | 260618s mx ||||gr|||| 00| | SPA|| | ||
| 020 | _aSIN ISBN | ||
| 040 | _bspa | ||
| 041 |
_aSPA _hSPA |
||
| 082 | 0 | 4 |
_2PRIMERA EDICIÓN _aCQ / 920.71 / L63 / Q47 _bL63 / Q47 |
| 100 |
_aGARRIDO DEL TORAL, ANDRÉS _cPRÓLOGO |
||
| 245 | _aQUERÉTARO MEMORIAS DE CONCEPCIÓN DE LOMBARDO VDA. DE MIRAMÓN | ||
| 260 |
_aQUERÉTARO, MÉXICO _bARCHIVO HISTÓRICO DEL ESTADO _cNOVIEMBRE 1993 |
||
| 300 |
_a128 PÁGINAS; _c21.1 CM X 13.8 CM |
||
| 336 |
_2rdacontent _atexto _btxt |
||
| 337 |
_2rdamedia _asin mediación _bn |
||
| 338 |
_2rdacarrier _avolumen _bnc |
||
| 650 |
_aPOLÍTICA _v920 _x900 _y20 _z0 |
||
| 942 |
_2ddc _cCOLQ |
||
| 999 |
_c68623 _d68623 |
||